000 00649nam a2200217Ia 4500
005 20250508164234.0
008 008 250505s9999 xx 000 0 eng d
020 _a81-7450-107-X
037 _aReference
040 _aFEDL
_beng
_cFEDL
041 _aeng
_2eng
084 _a339, NCE
_qFEDL
100 _aSelvaraj C
_9777763
245 0 _aIntroductory macroeconomics: Textbook for class 12th
245 0 _cNCERT
260 _aNew Delhi, India
_bNational Council of Educational Research and Training
_c2003
300 _axii,160p.
700 _a Nilakantan Rahul
_9777764
942 _cREF
_h339, NCE
999 _c1387819
_d1387819